000 00330nam a2200145Ia 4500
100 _aHansen/b.L/ Ghare/P.M
942 _cBK
654 _aQuality Control
245 _aQuality control and appication
260 _bPrentice-hall
_aNew Delhi
_c1987
082 _a658.562
_bHAN
300 _a358
546 _aENGLISH
999 _c24235
_d24235